000 00708nam a2200277Ia 4500
003 OSt
005 20220912144935.0
006 a|||||r|||| 00| 0
007 ta
008 220909b |||||||| |||| 00| 0 eng d
024 _a90917
037 _cTextbook
040 _aCSL
_beng
_cCSL
041 _aeng
082 _aX:8F, P3
100 _aGrewal T S
245 0 _aAnalysis of financial statements
260 _aNew Delhi
_bSultan Chand
_c2003
300 _av.p.
_ccm.
650 _aFinancial economics
700 _a Grewal G S
700 _a Grewal H S
942 _hX:8F, P3
_cTB
_2CC
999 _c19495
_d19495